Las complicaciones precoces postoperatorias (Record no. 134652)

MARC details
000 -LEADER
campo de control de longitud fija 00735nam a2200205 i 4500
001 - NÚMERO DE CONTROL
campo de control 134652
003 - IDENTIFICADOR DE NÚMERO DE CONTROL
campo de control ES-MaACL
005 - FECHA Y HORA DE LA ÚLTIMA TRANSACCIÓN
campo de control 20230906194722.0
007 - CAMPO FIJO DE DESCRIPCIÓN FÍSICA--INFORMACIÓN GENERAL
campo de control de longitud fija t|
008 - DATOS DE LONGITUD FIJA--INFORMACIÓN GENERAL
campo de control de longitud fija 070912s1959 sp ||||1| spa d
100 1# - ENTRADA PRINCIPAL--NOMBRE DE PERSONA
Nombre de persona Wiemers. Kurt.
9 (RLIN) 116767
245 14 - MENCIÓN DEL TÍTULO
Título Las complicaciones precoces postoperatorias
Resto del título : su tratamiento y prevención /
Mención de responsabilidad, etc. Doz. Dr. Kurt Wiemers y Dr. Ernst Kern ; prólogo del Prof. Dr. H. Krauss ; [traducción directa del alemán por el Dr. Luis Martín Sanz].
250 ## - MENCION DE EDICION
Mención de edición 1ª ed.
260 ## - PUBLICACIÓN, DISTRIBUCIÓN, ETC.
Lugar de publicación, distribución, etc. Madrid :
Nombre del editor, distribuidor, etc. Alhambra,
Fecha de publicación, distribución, etc. 1959.
300 ## - DESCRIPCIÓN FÍSICA
Extensión XVI, 288 p. ;
Dimensiones 25 cm.
700 1# - ENTRADA AGREGADA--NOMBRE PERSONAL
Nombre de persona Martín Sanz, Luis.
9 (RLIN) 77656
700 1# - ENTRADA AGREGADA--NOMBRE PERSONAL
Nombre de persona Kern, Ernst.
9 (RLIN) 67914
700 1# - ENTRADA AGREGADA--NOMBRE PERSONAL
Nombre de persona Krauss, H.
9 (RLIN) 68770
852 ## - LOCALIZACIÓN
Ubicación ES-MaACL
Número de control de estantería C-17409
Sublocalización o colección R.45586
Holdings
Estatus retirado Estado de pérdida Estado de daño No para préstamo Biblioteca de origen Biblioteca actual Ubicación en estantería Fecha de adquisición Fuente de adquisición Total de préstamos Signatura topográfica completa Código de barras Visto por última vez Precio de reemplazo Tipo de ítem Koha
        Biblioteca del Ateneo de Madrid Biblioteca del Ateneo de Madrid Galería 17/01/2008     C-17409 1140156 23/02/2023 23/02/2023 Libro impreso